[Event "Irena Warakomska Memorial B"]
[Site "chessmanager.com"]
[Date "2018.08.06"]
[Round "7"]
[White "Zianowicz, Dominik"]
[Black "Bury, Gleb M"]
[Result "0-1"]
[Board "6"]
[WhiteElo "1919"]
[WhiteCountry "POL"]
[WhiteFideId "21825645"]
[WhiteEloChange "-9"]
[BlackElo "1942"]
[BlackCountry "BLR"]
[BlackFideId "13519131"]
[BlackEloChange "9"]

1. d4 {[%clk 1:30:30]} Nf6 {[%clk 1:30:30]} 2. Nf3 {[%clk 1:30:30]} g6 {[%clk
1:30:30]} 3. c4 {[%clk 1:30:30]} Bg7 {[%clk 1:30:30]} 4. Nc3 {[%clk 1:30:30]} d5
{[%clk 1:30:30]} 5. Bg5 {[%clk 1:30:30]} Ne4 {[%clk 1:30:30]} 6. cxd5 {[%clk
1:30:30]} Nxg5 {[%clk 1:30:30]} 7. Nxg5 {[%clk 1:30:30]} e6 {[%clk 1:30:30]} 8.
Nf3 {[%clk 1:30:30]} exd5 {[%clk 1:30:30]} 9. e3 {[%clk 1:30:30]} O-O {[%clk
1:30:30]} 10. Qc2 {[%clk 1:30:30]} c6 {[%clk 1:30:30]} 11. Bd3 {[%clk 1:30:30]}
Re8 {[%clk 1:30:30]} 12. O-O {[%clk 1:30:30]} Bg4 {[%clk 1:30:30]} 13. Nd2 {[%clk
1:30:30]} Nd7 {[%clk 1:30:30]} 14. b4 {[%clk 1:30:30]} Qg5 {[%clk 1:30:30]} 15.
Kh1 {[%clk 1:30:30]} Bf8 {[%clk 1:30:30]} 16. Rab1 {[%clk 1:30:30]} Bd6 {[%clk
1:30:30]} 17. Rfe1 {[%clk 1:30:30]} Qh5 {[%clk 1:30:30]} 18. Nf1 {[%clk 1:30:30]}
Rac8 {[%clk 1:30:30]} 19. a4 {[%clk 1:30:30]} Nf6 {[%clk 1:30:30]} 20. f3 {[%clk
1:30:30]} Bd7 {[%clk 1:30:30]} 21. Qf2 {[%clk 1:30:30]} Qh6 {[%clk 1:30:30]} 22.
e4 {[%clk 1:30:30]} dxe4 {[%clk 1:30:30]} 23. Nxe4 {[%clk 1:30:30]} Nxe4 {[%clk
1:30:30]} 24. fxe4 {[%clk 1:30:30]} Be6 {[%clk 1:30:30]} 25. e5 {[%clk 1:30:30]}
Be7 {[%clk 1:30:30]} 26. Be4 {[%clk 1:30:30]} Red8 {[%clk 1:30:30]} 27. Red1
{[%clk 1:30:30]} a6 {[%clk 1:30:30]} 28. b5 {[%clk 1:30:30]} axb5 {[%clk
1:30:30]} 29. axb5 {[%clk 1:30:30]} Bg5 {[%clk 1:30:30]} 30. bxc6 {[%clk
1:30:30]} bxc6 {[%clk 1:30:30]} 31. Rb7 {[%clk 1:30:30]} Rd7 {[%clk 1:30:30]} 32.
Rdb1 {[%clk 1:30:30]} Rxb7 {[%clk 1:30:30]} 33. Rxb7 {[%clk 1:30:30]} Bh4 {[%clk
1:30:30]} 34. g3 {[%clk 1:30:30]} Bd8 {[%clk 1:30:30]} 35. Qf4 {[%clk 1:30:30]}
Bg5 {[%clk 1:30:30]} 36. Qf3 {[%clk 1:30:30]} Qh3 {[%clk 1:30:30]} 37. Qg2 {[%clk
1:30:30]} Rd8 {[%clk 1:30:30]} 38. Bxc6 {[%clk 1:30:30]} Rxd4 {[%clk 1:30:30]}
39. Rb8+ {[%clk 1:30:30]} Kg7 {[%clk 1:30:30]} 40. Rb1 {[%clk 1:30:30]} Qf5
{[%clk 1:30:30]} 41. Re1 {[%clk 1:30:30]} Qd3 {[%clk 1:30:30]} 42. Qf2 {[%clk
1:30:30]} Rc4 {[%clk 1:30:30]} 43. Bf3 {[%clk 1:30:30]} Rc2 {[%clk 1:30:30]} 44.
Re2 {[%clk 1:30:30]} Rc1 {[%clk 1:30:30]} 45. Kg2 {[%clk 1:30:30]} Qb1 {[%clk
1:30:30]} 46. Nd2 {[%clk 1:30:30]} Qa1 {[%clk 1:30:30]} 47. Ne4 {[%clk 1:30:30]}
Bd8 {[%clk 1:30:30]} 48. Nd6 {[%clk 1:30:30]} Qa4 {[%clk 1:30:30]} 49. Re1 {[%clk
1:30:30]} Rc3 {[%clk 1:30:30]} 50. Be4 {[%clk 1:30:30]} Ra3 {[%clk 1:30:30]} 51.
Re2 {[%clk 1:30:30]} Be7 {[%clk 1:30:30]} 52. Qc5 {[%clk 1:30:30]} Ra1 {[%clk
1:30:30]} 53. Qc2 {[%clk 1:30:30]} Qa7 {[%clk 1:30:30]} 54. Ne8+ {[%clk 1:30:30]}
Kf8 {[%clk 1:30:30]} 55. Nc7 {[%clk 1:30:30]} Qg1+ {[%clk 1:30:30]} 56. Kf3
{[%clk 1:30:30]} Rf1+ {[%clk 1:30:30]} 57. Rf2 {[%clk 1:30:30]} Rxf2+ {[%clk
1:30:30]} 58. Qxf2 {[%clk 1:30:30]} Bg4+ {[%clk 1:30:30]} 0-1

[Event "Irena Warakomska Memorial B"]
[Site "chessmanager.com"]
[Date "2018.08.06"]
[Round "7"]
[White "Milanowski, Jan"]
[Black "Szewczyk, Mariusz"]
[Result "0-1"]
[Board "7"]
[WhiteElo "1784"]
[WhiteCountry "POL"]
[WhiteFideId "1109758"]
[WhiteEloChange "-3"]
[BlackElo "2094"]
[BlackCountry "POL"]
[BlackFideId "1147579"]
[BlackEloChange "3"]

1. c4 {[%clk 1:30:30]} Nf6 {[%clk 1:30:30]} 2. Nc3 {[%clk 1:30:30]} g6 {[%clk
1:30:30]} 3. g3 {[%clk 1:30:30]} Bg7 {[%clk 1:30:30]} 4. Bg2 {[%clk 1:30:30]} O-O
{[%clk 1:30:30]} 5. d3 {[%clk 1:30:30]} e5 {[%clk 1:30:30]} 6. e3 {[%clk
1:30:30]} c6 {[%clk 1:30:30]} 7. Nge2 {[%clk 1:30:30]} d5 {[%clk 1:30:30]} 8. O-O
{[%clk 1:30:30]} d4 {[%clk 1:30:30]} 9. exd4 {[%clk 1:30:30]} exd4 {[%clk
1:30:30]} 10. Ne4 {[%clk 1:30:30]} Nxe4 {[%clk 1:30:30]} 11. Bxe4 {[%clk
1:30:30]} Na6 {[%clk 1:30:30]} 12. Qc2 {[%clk 1:30:30]} Re8 {[%clk 1:30:30]} 13.
Nf4 {[%clk 1:30:30]} Nc5 {[%clk 1:30:30]} 14. Bg2 {[%clk 1:30:30]} a5 {[%clk
1:30:30]} 15. b3 {[%clk 1:30:30]} Bf5 {[%clk 1:30:30]} 16. Ba3 {[%clk 1:30:30]}
Ne6 {[%clk 1:30:30]} 17. Nxe6 {[%clk 1:30:30]} Rxe6 {[%clk 1:30:30]} 18. Rfe1
{[%clk 1:30:30]} Qf6 {[%clk 1:30:30]} 19. Qd2 {[%clk 1:30:30]} Rae8 {[%clk
1:30:30]} 20. Bf1 {[%clk 1:30:30]} b6 {[%clk 1:30:30]} 21. Rab1 {[%clk 1:30:30]}
h5 {[%clk 1:30:30]} 22. Rxe6 {[%clk 1:30:30]} Qxe6 {[%clk 1:30:30]} 23. Bb2
{[%clk 1:30:30]} h4 {[%clk 1:30:30]} 24. Qf4 {[%clk 1:30:30]} hxg3 {[%clk
1:30:30]} 25. hxg3 {[%clk 1:30:30]} c5 {[%clk 1:30:30]} 26. a3 {[%clk 1:30:30]}
Bh3 {[%clk 1:30:30]} 27. Bxh3 {[%clk 1:30:30]} Qxh3 {[%clk 1:30:30]} 28. Qf3
{[%clk 1:30:30]} Bh6 {[%clk 1:30:30]} 29. Rd1 {[%clk 1:30:30]} Re3 {[%clk
1:30:30]} 30. Qa8+ {[%clk 1:30:30]} Kg7 {[%clk 1:30:30]} 31. Bc1 {[%clk 1:30:30]}
Re2 {[%clk 1:30:30]} 32. Bxh6+ {[%clk 1:30:30]} Qxh6 {[%clk 1:30:30]} 33. Qc6
{[%clk 1:30:30]} Qh5 {[%clk 1:30:30]} 34. Rf1 {[%clk 1:30:30]} Re6 {[%clk
1:30:30]} 35. Qd5 {[%clk 1:30:30]} Qxd5 {[%clk 1:30:30]} 36. cxd5 {[%clk
1:30:30]} Re5 {[%clk 1:30:30]} 37. Rb1 {[%clk 1:30:30]} Rxd5 {[%clk 1:30:30]} 38.
b4 {[%clk 1:30:30]} cxb4 {[%clk 1:30:30]} 39. axb4 {[%clk 1:30:30]} Rb5 {[%clk
1:30:30]} 40. Kg2 {[%clk 1:30:30]} Rxb4 {[%clk 1:30:30]} 41. Ra1 {[%clk 1:30:30]}
a4 {[%clk 1:30:30]} 42. Kf3 {[%clk 1:30:30]} f5 {[%clk 1:30:30]} 43. Ke2 {[%clk
1:30:30]} b5 {[%clk 1:30:30]} 44. Kd2 {[%clk 1:30:30]} Rb2+ {[%clk 1:30:30]} 0-1

[Event "Irena Warakomska Memorial B"]
[Site "chessmanager.com"]
[Date "2018.08.06"]
[Round "7"]
[White "Jankowiak, Piotr"]
[Black "Widla, Piotr"]
[Result "1/2-1/2"]
[Board "8"]
[WhiteElo "1902"]
[WhiteCountry "POL"]
[WhiteFideId "1185250"]
[WhiteEloChange "5"]
[BlackElo "2100"]
[BlackCountry "POL"]
[BlackFideId "1132164"]
[BlackEloChange "-5"]

1. e4 {[%clk 1:30:30]} c5 {[%clk 1:30:30]} 2. Nf3 {[%clk 1:30:30]} e6 {[%clk
1:30:30]} 3. Nc3 {[%clk 1:30:30]} a6 {[%clk 1:30:30]} 4. Be2 {[%clk 1:30:30]} d6
{[%clk 1:30:30]} 5. d4 {[%clk 1:30:30]} cxd4 {[%clk 1:30:30]} 6. Nxd4 {[%clk
1:30:30]} Nf6 {[%clk 1:30:30]} 7. O-O {[%clk 1:30:30]} Be7 {[%clk 1:30:30]} 8.
Be3 {[%clk 1:30:30]} O-O {[%clk 1:30:30]} 9. f4 {[%clk 1:30:30]} Qc7 {[%clk
1:30:30]} 10. Qe1 {[%clk 1:30:30]} b5 {[%clk 1:30:30]} 11. a3 {[%clk 1:30:30]}
Bb7 {[%clk 1:30:30]} 12. Bf3 {[%clk 1:30:30]} Nbd7 {[%clk 1:30:30]} 13. Qg3
{[%clk 1:30:30]} Nc5 {[%clk 1:30:30]} 14. e5 {[%clk 1:30:30]} dxe5 {[%clk
1:30:30]} 15. fxe5 {[%clk 1:30:30]} Nfe4 {[%clk 1:30:30]} 16. Nxe4 {[%clk
1:30:30]} Nxe4 {[%clk 1:30:30]} 17. Bxe4 {[%clk 1:30:30]} Bxe4 {[%clk 1:30:30]}
18. c3 {[%clk 1:30:30]} Rac8 {[%clk 1:30:30]} 19. Rad1 {[%clk 1:30:30]} Qb7
{[%clk 1:30:30]} 20. Rd2 {[%clk 1:30:30]} a5 {[%clk 1:30:30]} 21. Nb3 {[%clk
1:30:30]} Qc7 {[%clk 1:30:30]} 22. Qf4 {[%clk 1:30:30]} Bg6 {[%clk 1:30:30]} 23.
Rfd1 {[%clk 1:30:30]} Rcd8 {[%clk 1:30:30]} 24. Rxd8 {[%clk 1:30:30]} Rxd8 {[%clk
1:30:30]} 25. Rxd8+ {[%clk 1:30:30]} Qxd8 {[%clk 1:30:30]} 26. Qd4 {[%clk
1:30:30]} Qxd4 {[%clk 1:30:30]} 27. Nxd4 {[%clk 1:30:30]} Bc5 {[%clk 1:30:30]}
28. Kf2 {[%clk 1:30:30]} Bxd4 {[%clk 1:30:30]} 29. Bxd4 {[%clk 1:30:30]} a4
{[%clk 1:30:30]} 30. Ke3 {[%clk 1:30:30]} Bc2 {[%clk 1:30:30]} 31. Bc5 {[%clk
1:30:30]} h6 {[%clk 1:30:30]} 32. h4 {[%clk 1:30:30]} Kh7 {[%clk 1:30:30]} 33.
Be7 {[%clk 1:30:30]} Kg6 {[%clk 1:30:30]} 34. Kf4 {[%clk 1:30:30]} h5 {[%clk
1:30:30]} 35. g3 {[%clk 1:30:30]} Bb3 {[%clk 1:30:30]} 36. Bb4 {[%clk 1:30:30]}
Bd5 {[%clk 1:30:30]} 37. Be7 {[%clk 1:30:30]} Bc4 {[%clk 1:30:30]} 38. Bd8 {[%clk
1:30:30]} Bd3 {[%clk 1:30:30]} 39. Be7 {[%clk 1:30:30]} Bc2 {[%clk 1:30:30]} 40.
Bd8 {[%clk 1:30:30]} Bd1 {[%clk 1:30:30]} 41. Be7 {[%clk 1:30:30]} f6 {[%clk
1:30:30]} 42. Bd8 {[%clk 1:30:30]} Bc2 {[%clk 1:30:30]} 1/2-1/2

[Event "Irena Warakomska Memorial B"]
[Site "chessmanager.com"]
[Date "2018.08.06"]
[Round "7"]
[White "Barchuk, Irina"]
[Black "Flis, Pawel"]
[Result "1-0"]
[Board "9"]
[WhiteElo "2039"]
[WhiteCountry "UKR"]
[WhiteFideId "14119005"]
[WhiteEloChange "7"]
[BlackElo "1934"]
[BlackCountry "POL"]
[BlackFideId "1112864"]
[BlackEloChange "-7"]

1. e4 {[%clk 1:30:30]} e5 {[%clk 1:30:30]} 2. Nf3 {[%clk 1:30:30]} Nc6 {[%clk
1:30:30]} 3. Bc4 {[%clk 1:30:30]} Nf6 {[%clk 1:30:30]} 4. Ng5 {[%clk 1:30:30]} d5
{[%clk 1:30:30]} 5. exd5 {[%clk 1:30:30]} Na5 {[%clk 1:30:30]} 6. Bb5+ {[%clk
1:30:30]} c6 {[%clk 1:30:30]} 7. dxc6 {[%clk 1:30:30]} bxc6 {[%clk 1:30:30]} 8.
Qf3 {[%clk 1:30:30]} Rb8 {[%clk 1:30:30]} 9. Bd3 {[%clk 1:30:30]} Be7 {[%clk
1:30:30]} 10. Nc3 {[%clk 1:30:30]} O-O {[%clk 1:30:30]} 11. O-O {[%clk 1:30:30]}
h6 {[%clk 1:30:30]} 12. Nge4 {[%clk 1:30:30]} Nd5 {[%clk 1:30:30]} 13. Ng3 {[%clk
1:30:30]} g6 {[%clk 1:30:30]} 14. Re1 {[%clk 1:30:30]} Bf6 {[%clk 1:30:30]} 15.
h4 {[%clk 1:30:30]} Nb4 {[%clk 1:30:30]} 16. Be4 {[%clk 1:30:30]} Bxh4 {[%clk
1:30:30]} 17. a3 {[%clk 1:30:30]} Na6 {[%clk 1:30:30]} 18. b4 {[%clk 1:30:30]}
Nc4 {[%clk 1:30:30]} 19. d3 {[%clk 1:30:30]} Nd6 {[%clk 1:30:30]} 20. Bxc6 {[%clk
1:30:30]} Kh7 {[%clk 1:30:30]} 21. Qe3 {[%clk 1:30:30]} Bg5 {[%clk 1:30:30]} 22.
Qxa7 {[%clk 1:30:30]} Rb6 {[%clk 1:30:30]} 23. Bxg5 {[%clk 1:30:30]} hxg5 {[%clk
1:30:30]} 24. b5 {[%clk 1:30:30]} Be6 {[%clk 1:30:30]} 25. Na4 {[%clk 1:30:30]}
Nc8 {[%clk 1:30:30]} 26. Qa8 {[%clk 1:30:30]} Nc7 {[%clk 1:30:30]} 27. Qa5 {[%clk
1:30:30]} Rb8 {[%clk 1:30:30]} 28. Nc5 {[%clk 1:30:30]} Qd6 {[%clk 1:30:30]} 29.
Nge4 {[%clk 1:30:30]} Qe7 {[%clk 1:30:30]} 30. Nxg5+ {[%clk 1:30:30]} Qxg5 {[%clk
1:30:30]} 31. Qxc7 {[%clk 1:30:30]} Ne7 {[%clk 1:30:30]} 32. Ne4 {[%clk 1:30:30]}
Qh4 {[%clk 1:30:30]} 33. g3 {[%clk 1:30:30]} Qh5 {[%clk 1:30:30]} 34. Nf6+ {[%clk
1:30:30]} 1-0

[Event "Irena Warakomska Memorial B"]
[Site "chessmanager.com"]
[Date "2018.08.06"]
[Round "7"]
[White "Mazalon, Mariusz"]
[Black "Bartoszewicz, Marcin"]
[Result "1-0"]
[Board "10"]
[WhiteElo "2060"]
[WhiteCountry "POL"]
[WhiteFideId "1103105"]
[WhiteEloChange "6"]
[BlackElo "1907"]
[BlackCountry "POL"]
[BlackFideId "1131966"]
[BlackEloChange "-6"]

1. d4 {[%clk 1:30:30]} Nf6 {[%clk 1:30:30]} 2. c4 {[%clk 1:30:30]} g6 {[%clk
1:30:30]} 3. Nc3 {[%clk 1:30:30]} Bg7 {[%clk 1:30:30]} 4. e4 {[%clk 1:30:30]} d6
{[%clk 1:30:30]} 5. Nf3 {[%clk 1:30:30]} O-O {[%clk 1:30:30]} 6. h3 {[%clk
1:30:30]} Nbd7 {[%clk 1:30:30]} 7. Bg5 {[%clk 1:30:30]} h6 {[%clk 1:30:30]} 8.
Be3 {[%clk 1:30:30]} Re8 {[%clk 1:30:30]} 9. Be2 {[%clk 1:30:30]} e5 {[%clk
1:30:30]} 10. d5 {[%clk 1:30:30]} Nc5 {[%clk 1:30:30]} 11. Nd2 {[%clk 1:30:30]}
Nh7 {[%clk 1:30:30]} 12. b4 {[%clk 1:30:30]} Nxe4 {[%clk 1:30:30]} 13. Ndxe4
{[%clk 1:30:30]} f5 {[%clk 1:30:30]} 14. Qc1 {[%clk 1:30:30]} g5 {[%clk 1:30:30]}
15. g4 {[%clk 1:30:30]} fxe4 {[%clk 1:30:30]} 16. Nxe4 {[%clk 1:30:30]} c6 {[%clk
1:30:30]} 17. h4 {[%clk 1:30:30]} Nf6 {[%clk 1:30:30]} 18. Nxf6+ {[%clk 1:30:30]}
Bxf6 {[%clk 1:30:30]} 19. hxg5 {[%clk 1:30:30]} hxg5 {[%clk 1:30:30]} 20. Rh5
{[%clk 1:30:30]} Re7 {[%clk 1:30:30]} 21. Bxg5 {[%clk 1:30:30]} Rg7 {[%clk
1:30:30]} 22. Bh6 {[%clk 1:30:30]} Bxg4 {[%clk 1:30:30]} 23. Bxg7 {[%clk
1:30:30]} 1-0

[Event "Irena Warakomska Memorial B"]
[Site "chessmanager.com"]
[Date "2018.08.06"]
[Round "7"]
[White "Piekielny, Pawel"]
[Black "Rudzinska, Michalina"]
[Result "1/2-1/2"]
[Board "11"]
[WhiteElo "1918"]
[WhiteCountry "POL"]
[WhiteFideId "21838828"]
[WhiteEloChange "5"]
[BlackElo "2111"]
[BlackCountry "POL"]
[BlackFideId "1172883"]
[BlackEloChange "-5"]

1. e4 {[%clk 1:30:30]} c5 {[%clk 1:30:30]} 2. Nf3 {[%clk 1:30:30]} e6 {[%clk
1:30:30]} 3. d4 {[%clk 1:30:30]} cxd4 {[%clk 1:30:30]} 4. Nxd4 {[%clk 1:30:30]}
a6 {[%clk 1:30:30]} 5. Bd3 {[%clk 1:30:30]} Qb6 {[%clk 1:30:30]} 6. Nb3 {[%clk
1:30:30]} Qc7 {[%clk 1:30:30]} 7. O-O {[%clk 1:30:30]} Nf6 {[%clk 1:30:30]} 8.
Qe2 {[%clk 1:30:30]} d6 {[%clk 1:30:30]} 9. f4 {[%clk 1:30:30]} Nbd7 {[%clk
1:30:30]} 10. c4 {[%clk 1:30:30]} b6 {[%clk 1:30:30]} 11. Nc3 {[%clk 1:30:30]}
Bb7 {[%clk 1:30:30]} 12. Bd2 {[%clk 1:30:30]} Be7 {[%clk 1:30:30]} 13. Rae1
{[%clk 1:30:30]} Nc5 {[%clk 1:30:30]} 14. Nd4 {[%clk 1:30:30]} Nxd3 {[%clk
1:30:30]} 15. Qxd3 {[%clk 1:30:30]} O-O {[%clk 1:30:30]} 16. f5 {[%clk 1:30:30]}
e5 {[%clk 1:30:30]} 17. Nc2 {[%clk 1:30:30]} b5 {[%clk 1:30:30]} 18. cxb5 {[%clk
1:30:30]} axb5 {[%clk 1:30:30]} 19. a3 {[%clk 1:30:30]} d5 {[%clk 1:30:30]} 20.
Nxd5 {[%clk 1:30:30]} Nxd5 {[%clk 1:30:30]} 21. exd5 {[%clk 1:30:30]} Rfd8 {[%clk
1:30:30]} 22. Ne3 {[%clk 1:30:30]} Bc5 {[%clk 1:30:30]} 23. Kh1 {[%clk 1:30:30]}
Bxe3 {[%clk 1:30:30]} 24. Qxe3 {[%clk 1:30:30]} f6 {[%clk 1:30:30]} 25. Rc1
{[%clk 1:30:30]} Qf7 {[%clk 1:30:30]} 26. Rc5 {[%clk 1:30:30]} Rxd5 {[%clk
1:30:30]} 27. Rfc1 {[%clk 1:30:30]} Rad8 {[%clk 1:30:30]} 28. Be1 {[%clk
1:30:30]} Rxc5 {[%clk 1:30:30]} 29. Qxc5 {[%clk 1:30:30]} Qd7 {[%clk 1:30:30]}
30. Qb6 {[%clk 1:30:30]} Qd5 {[%clk 1:30:30]} 31. Qe6+ {[%clk 1:30:30]} Kh8
{[%clk 1:30:30]} 32. Qxd5 {[%clk 1:30:30]} Bxd5 {[%clk 1:30:30]} 33. Ba5 {[%clk
1:30:30]} Ra8 {[%clk 1:30:30]} 34. Bc3 {[%clk 1:30:30]} Be4 {[%clk 1:30:30]} 35.
Rf1 {[%clk 1:30:30]} Rd8 {[%clk 1:30:30]} 36. Kg1 {[%clk 1:30:30]} h5 {[%clk
1:30:30]} 37. h3 {[%clk 1:30:30]} Kh7 {[%clk 1:30:30]} 38. Rf2 {[%clk 1:30:30]}
Rd3 {[%clk 1:30:30]} 39. Kh2 {[%clk 1:30:30]} Kg8 {[%clk 1:30:30]} 40. Rf1 {[%clk
1:30:30]} Kf7 {[%clk 1:30:30]} 41. Rf2 {[%clk 1:30:30]} Ke7 {[%clk 1:30:30]} 42.
Bb4+ {[%clk 1:30:30]} Ke8 {[%clk 1:30:30]} 43. Bc3 {[%clk 1:30:30]} h4 {[%clk
1:30:30]} 44. Re2 {[%clk 1:30:30]} Bd5 {[%clk 1:30:30]} 45. Rd2 {[%clk 1:30:30]}
Rxd2 {[%clk 1:30:30]} 46. Bxd2 {[%clk 1:30:30]} Be4 {[%clk 1:30:30]} 47. Be1
{[%clk 1:30:30]} Bxf5 {[%clk 1:30:30]} 48. Bxh4 {[%clk 1:30:30]} Kd7 {[%clk
1:30:30]} 49. Kg1 {[%clk 1:30:30]} Kd6 {[%clk 1:30:30]} 50. Be1 {[%clk 1:30:30]}
Kd5 {[%clk 1:30:30]} 51. b3 {[%clk 1:30:30]} Bc2 {[%clk 1:30:30]} 52. a4 {[%clk
1:30:30]} bxa4 {[%clk 1:30:30]} 53. bxa4 {[%clk 1:30:30]} Bxa4 {[%clk 1:30:30]}
54. Kf2 {[%clk 1:30:30]} f5 {[%clk 1:30:30]} 55. h4 {[%clk 1:30:30]} f4 {[%clk
1:30:30]} 56. g3 {[%clk 1:30:30]} Ke4 {[%clk 1:30:30]} 57. gxf4 {[%clk 1:30:30]}
Kxf4 {[%clk 1:30:30]} 58. Bd2+ {[%clk 1:30:30]} Kg4 {[%clk 1:30:30]} 1/2-1/2

[Event "Irena Warakomska Memorial B"]
[Site "chessmanager.com"]
[Date "2018.08.06"]
[Round "7"]
[White "Binkis, Evgeniya"]
[Black "Litner, Igor"]
[Result "0-1"]
[Board "12"]
[WhiteElo "1723"]
[WhiteCountry "RUS"]
[WhiteFideId "44110863"]
[WhiteEloChange "-5"]
[BlackElo "1929"]
[BlackCountry "POL"]
[BlackFideId "1163078"]
[BlackEloChange "5"]

1. e4 {[%clk 1:30:30]} d6 {[%clk 1:30:30]} 2. d4 {[%clk 1:30:30]} Nf6 {[%clk
1:30:30]} 3. Nc3 {[%clk 1:30:30]} e5 {[%clk 1:30:30]} 4. Nf3 {[%clk 1:30:30]}
Nbd7 {[%clk 1:30:30]} 5. Bc4 {[%clk 1:30:30]} Be7 {[%clk 1:30:30]} 6. O-O {[%clk
1:30:30]} O-O {[%clk 1:30:30]} 7. h3 {[%clk 1:30:30]} c6 {[%clk 1:30:30]} 8. a4
{[%clk 1:30:30]} Qc7 {[%clk 1:30:30]} 9. dxe5 {[%clk 1:30:30]} dxe5 {[%clk
1:30:30]} 10. Qe2 {[%clk 1:30:30]} Nc5 {[%clk 1:30:30]} 11. Ne1 {[%clk 1:30:30]}
Ne6 {[%clk 1:30:30]} 12. Bxe6 {[%clk 1:30:30]} Bxe6 {[%clk 1:30:30]} 13. Nd3
{[%clk 1:30:30]} Bc4 {[%clk 1:30:30]} 14. f4 {[%clk 1:30:30]} Bd6 {[%clk
1:30:30]} 15. f5 {[%clk 1:30:30]} Nd7 {[%clk 1:30:30]} 16. f6 {[%clk 1:30:30]}
Nxf6 {[%clk 1:30:30]} 17. Rxf6 {[%clk 1:30:30]} gxf6 {[%clk 1:30:30]} 18. Bh6
{[%clk 1:30:30]} Kh8 {[%clk 1:30:30]} 19. Bxf8 {[%clk 1:30:30]} Bxf8 {[%clk
1:30:30]} 20. Rf1 {[%clk 1:30:30]} Bg7 {[%clk 1:30:30]} 21. b3 {[%clk 1:30:30]}
Be6 {[%clk 1:30:30]} 22. Kh1 {[%clk 1:30:30]} Rd8 {[%clk 1:30:30]} 23. Nd1 {[%clk
1:30:30]} Qd7 {[%clk 1:30:30]} 24. Nc5 {[%clk 1:30:30]} Qd2 {[%clk 1:30:30]} 25.
Qh5 {[%clk 1:30:30]} Qxc2 {[%clk 1:30:30]} 26. Nxe6 {[%clk 1:30:30]} fxe6 {[%clk
1:30:30]} 27. Ne3 {[%clk 1:30:30]} Qxe4 {[%clk 1:30:30]} 28. Qf7 {[%clk 1:30:30]}
Rf8 {[%clk 1:30:30]} 0-1

[Event "Irena Warakomska Memorial B"]
[Site "chessmanager.com"]
[Date "2018.08.06"]
[Round "7"]
[White "Czarniecka, Aleksandra"]
[Black "Matuszczyk, Mateusz"]
[Result "0-1"]
[Board "13"]
[WhiteElo "1983"]
[WhiteCountry "POL"]
[WhiteFideId "1194933"]
[WhiteEloChange "-16"]
[BlackElo "1733"]
[BlackCountry "POL"]
[BlackFideId "21855463"]
[BlackEloChange "16"]

1. e4 {[%clk 1:30:30]} Nc6 {[%clk 1:30:30]} 2. Nf3 {[%clk 1:30:30]} e5 {[%clk
1:30:30]} 3. d4 {[%clk 1:30:30]} exd4 {[%clk 1:30:30]} 4. Nxd4 {[%clk 1:30:30]}
Nf6 {[%clk 1:30:30]} 5. Nxc6 {[%clk 1:30:30]} dxc6 {[%clk 1:30:30]} 6. Bd3 {[%clk
1:30:30]} Bg4 {[%clk 1:30:30]} 7. f3 {[%clk 1:30:30]} Be6 {[%clk 1:30:30]} 8. Be3
{[%clk 1:30:30]} Bd6 {[%clk 1:30:30]} 9. Nc3 {[%clk 1:30:30]} Nh5 {[%clk
1:30:30]} 10. Ne2 {[%clk 1:30:30]} c5 {[%clk 1:30:30]} 11. c4 {[%clk 1:30:30]} g5
{[%clk 1:30:30]} 12. g3 {[%clk 1:30:30]} Qf6 {[%clk 1:30:30]} 13. Qd2 {[%clk
1:30:30]} Rg8 {[%clk 1:30:30]} 14. f4 {[%clk 1:30:30]} gxf4 {[%clk 1:30:30]} 15.
gxf4 {[%clk 1:30:30]} O-O-O {[%clk 1:30:30]} 16. e5 {[%clk 1:30:30]} Bxe5 {[%clk
1:30:30]} 17. fxe5 {[%clk 1:30:30]} Qxe5 {[%clk 1:30:30]} 18. Bf4 {[%clk
1:30:30]} Qf6 {[%clk 1:30:30]} 19. Qe3 {[%clk 1:30:30]} Rxd3 {[%clk 1:30:30]} 20.
Qxd3 {[%clk 1:30:30]} Nxf4 {[%clk 1:30:30]} 21. Qc3 {[%clk 1:30:30]} Ng2+ {[%clk
1:30:30]} 22. Kd2 {[%clk 1:30:30]} Rd8+ {[%clk 1:30:30]} 23. Kc2 {[%clk 1:30:30]}
Bf5+ {[%clk 1:30:30]} 24. Kb3 {[%clk 1:30:30]} Rd3 {[%clk 1:30:30]} 25. Rhg1
{[%clk 1:30:30]} Qb6+ {[%clk 1:30:30]} 0-1

[Event "Irena Warakomska Memorial B"]
[Site "chessmanager.com"]
[Date "2018.08.06"]
[Round "7"]
[White "Salah, Nadezhda"]
[Black "Tylenda, Krzysztof"]
[Result "1-0"]
[Board "14"]
[WhiteElo "2059"]
[WhiteCountry "UKR"]
[WhiteFideId "14139758"]
[WhiteEloChange "2"]
[BlackElo "1669"]
[BlackCountry "POL"]
[BlackFideId "1169165"]
[BlackEloChange "-2"]

1. d4 {[%clk 1:30:30]} d5 {[%clk 1:30:30]} 2. c4 {[%clk 1:30:30]} e6 {[%clk
1:30:30]} 3. Nc3 {[%clk 1:30:30]} c6 {[%clk 1:30:30]} 4. Nf3 {[%clk 1:30:30]}
dxc4 {[%clk 1:30:30]} 5. a4 {[%clk 1:30:30]} Bb4 {[%clk 1:30:30]} 6. Bd2 {[%clk
1:30:30]} Qe7 {[%clk 1:30:30]} 7. Ne5 {[%clk 1:30:30]} b5 {[%clk 1:30:30]} 8.
axb5 {[%clk 1:30:30]} Bxc3 {[%clk 1:30:30]} 9. Bxc3 {[%clk 1:30:30]} cxb5 {[%clk
1:30:30]} 10. d5 {[%clk 1:30:30]} Nf6 {[%clk 1:30:30]} 11. d6 {[%clk 1:30:30]}
Qb7 {[%clk 1:30:30]} 12. e3 {[%clk 1:30:30]} Nd5 {[%clk 1:30:30]} 13. Qg4 {[%clk
1:30:30]} Rg8 {[%clk 1:30:30]} 14. Qh3 {[%clk 1:30:30]} Nxc3 {[%clk 1:30:30]} 15.
Qxh7 {[%clk 1:30:30]} Kf8 {[%clk 1:30:30]} 16. Qh5 {[%clk 1:30:30]} g6 {[%clk
1:30:30]} 17. Qh7 {[%clk 1:30:30]} Rg7 {[%clk 1:30:30]} 18. Qh8+ {[%clk 1:30:30]}
Rg8 {[%clk 1:30:30]} 19. Qh6+ {[%clk 1:30:30]} Ke8 {[%clk 1:30:30]} 20. Qf4
{[%clk 1:30:30]} Rf8 {[%clk 1:30:30]} 21. bxc3 {[%clk 1:30:30]} Nd7 {[%clk
1:30:30]} 22. Ng4 {[%clk 1:30:30]} a5 {[%clk 1:30:30]} 23. Be2 {[%clk 1:30:30]}
Qa7 {[%clk 1:30:30]} 24. O-O {[%clk 1:30:30]} Bb7 {[%clk 1:30:30]} 25. Qg5 {[%clk
1:30:30]} f6 {[%clk 1:30:30]} 26. Qxg6+ {[%clk 1:30:30]} Kd8 {[%clk 1:30:30]} 27.
Qg7 {[%clk 1:30:30]} Kc8 {[%clk 1:30:30]} 28. Qe7 {[%clk 1:30:30]} e5 {[%clk
1:30:30]} 29. Nxf6 {[%clk 1:30:30]} Rd8 {[%clk 1:30:30]} 30. Nxd7 {[%clk
1:30:30]} Rxd7 {[%clk 1:30:30]} 31. Qe8+ {[%clk 1:30:30]} Rd8 {[%clk 1:30:30]}
32. Bg4+ {[%clk 1:30:30]} Kb8 {[%clk 1:30:30]} 33. Qxd8+ {[%clk 1:30:30]} Bc8
{[%clk 1:30:30]} 34. Qxc8# {[%clk 1:30:30]} 1-0